LEADER 00811nam0 22002653i 450 001 996284046903316 005 20190206131840.0 010 $a978-1-491-95766-0 100 $a20171220d2018----||||0itac50 ba 101 $aeng 102 $aCN 200 1 $aPython for data analysis$edata wrangling with pandas, numpy, and ipython$fWes McKinney 205 $a2. ed 210 $aBeijing [etc.]$cO'Reilly Media$d2018 215 $aXVI, 524 p.$d25 cm 606 0 $aAnalisi dei dati$xImpiego [di] Python $2BNCF 676 $a005.133 700 1$aMCKINNEY,$bWes$0761992 801 0$aIT$bsalbc$gISBD 912 $a996284046903316 951 $a005.133 MCK 1$b22979 E.C.$c005.133 MCK$d439340 959 $aBK 969 $aECO 996 $aPython for data analysis$91543395 997 $aUNISA